000 00803nam a22002777a 4500
001 BR9705417
003 BR-BrBNA
005 20230928095752.0
007 ta
008 230509b bl.||||| |||| 00| 0 por d
040 _aBR-BrBNA
_bpor
_cBiblioteca Nacional de Agricultura
041 _a(Por)
072 _aF08; C10
_b0230
090 _ 0230 BR9705417
110 1 _aPrograma Nacional de Melhoramento da Cana-de-Acucar, Campos, RJ (Brasil)
_98021
245 1 _aCurso de producao de alimentos em areas cultivadas com cana-de-acucar
260 3 _aCampos, RJ (Brasil):
_c1982.
300 _a23 p.
500 _a10 illus.
650 _aCana de Acucar
650 _aRotacao de Cultura
650 _aSistema de Cultivo
650 _aCurso
909 _a202309
_bLucia
_c55
_dLucia Elande
942 _cBK
999 _c58562
_d58562